000 00290 a2200145 4500
001 169736
020 _a
040 _cMagnum
100 _aCanton, Katia
240 1 0 _aEspelho de artista
_lpor
245 1 0 _aEspelho de artista
362 0 _a1899
697 _aBELAS ARTES
942 _cBK
999 _c169736
_d169736